000 00321nam a2200121Ia 4500
008 220204s9999 xx 000 0 und d
082 _a681.31
_bKLI
100 _aKlingman, Edwin E
245 0 _aMicroprocessor systems design
260 _aNew Jersey
_bPrentice Hall
_c1977
650 _aMicroprocessor system
942 _cBK
999 _c25701
_d25701